banner koha

Resultados parciais para avaliar a qualidade das aguas superficiais e subterranea da regiao de Barcarena (Registro n. 327439)

MARC details
000 -LÍDER
campo de controle de tamanho fixo 01246naa a22003737a 4500
001 - NÚMERO DE CONTROLE
campo de controle BR9704039
003 - IDENTIFICADOR DO NÚMERO DE CONTROLE
campo de controle BR-BrBNA
005 - DATA E HORÁRIO DA ÚLTIMA TRANSAÇÃO
campo de controle 20240918181910.0
007 - CAMPO FIXO DE DESCRIÇÃO FÍSICA--INFORMAÇÃO GERAL
campo de controle de tamanho fixo ta
008 - CAMPO DE DADOS FIXOS--INFORMAÇÃO GERAL
campo de controle de tamanho fixo 230509b bl.||||| |||| 00| 0 por d
040 ## - FONTE DA CATALOGAÇÃO
Instituição da catalogação original BR-BrBNA
Idioma da catalogação por
Instituição que transcreveu o registro Biblioteca Nacional de Agricultura
041 ## - CÓDIGO DE IDIOMA
Código do idioma do texto/trilha sonora ou título diferente (Pt)
072 ## - CÓDIGO DE CATEGORIA DE ASSUNTO
Código de Categoria de Assunto P10
090 ## - NÚMERO DE CHAMADA LOCAL
Número de chamada P10 BR9704039
100 1# - ENTRADA PRINCIPAL--NOME PESSOAL
Nome pessoal Kobayashi, C.N.
100 1# - ENTRADA PRINCIPAL--NOME PESSOAL
Nome pessoal Damous, N.R.L.
111 1# - ENTRADA PRINCIPAL--NOME DO EVENTO
Nome do evento ou lugar 4. Encontro de Profissionais da Quimica da Amazonia
Local do evento Belem, PA (Brazil)
Data do evento ou assinatura do tratado 1983
245 1# - TÍTULO
Título Resultados parciais para avaliar a qualidade das aguas superficiais e subterranea da regiao de Barcarena
260 3# - PUBLICAÇÃO, DISTRIBUIÇÃO, ETC.
Local de publicação, distribuição, etc. Belem, PA (Brasil):
Data da publicação, distribuição, etc. 1983.
500 ## - NOTA GERAL
Nota geral Anais do 4. Encontro de Profissionais da Quimica da Amazonia<br/>Belem, PA (Brasil): 1983. p. 75-81<br/>(BR9704039-AM)P10<br/>
650 ## - ASSUNTO--TERMO TÓPICO
Cabeçalho tópico ou nome geográfico Agua
650 ## - ASSUNTO--TERMO TÓPICO
Cabeçalho tópico ou nome geográfico Qualidade
650 ## - ASSUNTO--TERMO TÓPICO
Cabeçalho tópico ou nome geográfico Analise
650 ## - ASSUNTO--TERMO TÓPICO
Cabeçalho tópico ou nome geográfico Temperatura
650 ## - ASSUNTO--TERMO TÓPICO
Cabeçalho tópico ou nome geográfico Condutividade Hidraulica
650 ## - ASSUNTO--TERMO TÓPICO
Cabeçalho tópico ou nome geográfico Alcalinidade
650 ## - ASSUNTO--TERMO TÓPICO
Cabeçalho tópico ou nome geográfico Ferro
650 ## - ASSUNTO--TERMO TÓPICO
Cabeçalho tópico ou nome geográfico Calcio
650 ## - ASSUNTO--TERMO TÓPICO
Cabeçalho tópico ou nome geográfico Magnesio
650 ## - ASSUNTO--TERMO TÓPICO
Cabeçalho tópico ou nome geográfico Cloreto
773 0# - ENTRADA ANALÍTICA
Título Anais do 4. Encontro de Profissionais da Quimica da Amazonia
Número de controle do registro P10 BR9704039
Partes relacionadas Belem, PA (Brasil), 1983. p. 75-81
909 ## -
-- 202404
-- Lucia
-- 55
-- Lucia Elande
942 ## - ELEMENTOS DE ENTRADA ADICIONADOS (KOHA)
Tipo de material Koha Capítulo-Livro
Fonte da classificação ou esquema de arquivamento na estante Classificação AGRIS
Exemplares
Situação do descarte Fonte da classificação ou esquema de arquivamento na estante Situação física Não pode ser emprestado Coleção Biblioteca de origem Biblioteca atual Localização na estante Total de empréstimos Número de telefone completo Data de último acesso Número do exemplar Tipo de material Koha Situação das perdas Data de aquisição Fonte de aquisição
  Classificação AGRIS       Biblioteca Nacional de Agricultura - Binagri Biblioteca Nacional de Agricultura - Binagri Agrobase - Acervo Geral   F60 BR9704035 20/05/2024 01 Capítulo-Livro   2024-04-11 Portaria Interministerial nº 164/94

BINAGRI

Telefone: (61)3218-2567/2388/3357/2097 - binagri@agro.gov.br

Ministério da Agricultura e Pecuária , Esplanada dos Ministérios, Bloco D, Anexo B, Brasília/DF, CEP: 70.043-900